000
00195 a2200097 4500
020
_a
9788424178291
041
_a
spa
100
_a
ANTONIO SALAS XIMELIS
245
_a
LA HISTORIA DE NOE
942
_c
BK
999
_c
3868
_d
3868